| 000 | 00632nam a2200121Ia 4500 | ||
|---|---|---|---|
| 008 | 220620s9999||||xx |||||||||||||| ||und|| | ||
| 100 | _aAksu, Esref | ||
| 245 | 4 | _aThe United Nations, intra-state peacekeeping and normative change | |
| 546 | _aEnglish[eng] | ||
| 650 | _asovereignty||diplomacy||un||peacekeeping||Cambodia||Human rights||Soviet Union||United Nations||United Nations Security Council | ||
| 856 | _uhttps://library.oapen.org/bitstream/20.500.12657/34993/1/341402.pdf||https://library.oapen.org/bitstream/20.500.12657/34993/1/341402.pdf||https://library.oapen.org/bitstream/20.500.12657/34993/1/341402.pdf | ||
| 942 | _cEB | ||
| 999 |
_c23088 _d23088 |
||